| 000 | 00416nam a2200145Ia 4500 | ||
|---|---|---|---|
| 008 | 230917s9999||||xx |||||||||||||| ||und|| | ||
| 040 |
_e211058 _aMAIN |
||
| 041 | _aEnglish | ||
| 082 | _a519.52 S21E | ||
| 100 | _aSaini, Monika | ||
| 245 | 0 | _aEstimation of population parameters in multistage design using double sampling techniques and auxiliary information | |
| 260 | _c2012 | ||
| 300 | _a133 p. | ||
| 942 | _cTH | ||
| 999 |
_c125889 _d125889 |
||